000 00594na a2200217 4500
001 23253
003 MIRAKIL
005 20181213154854.0
008 170818b tu 000 0
040 _aMilas
_btur
_cTR-AnCHP
041 _atur
100 _aKesici, İlhan
245 _aAKP dönemi: 2003-2016 temel ekonomik göstergeler
_bNereden nereye?
_cİlhan Kesici
246 _aNereden nereye?
260 _a[y.y.]
_b[yayl.y.]
_c2016
300 _a22
_btbl.; grf.
_c15 sm.
500 _aGEÇİCİ KATALOG KAYDIDIR.
740 _aNereden nereye?
942 _2ddc
_cBKS
999 _c2361
_d2361